000 00619nam a2200169 i 4500
001 181382
003 ES-MaACL
005 20230906221340.0
008 121220s1886 sp |||| | spa d
080 _a347.218.1
245 0 3 _aLa opinión de la prensa sobre los montes públicos
_b: (Suplemento á la Revista de Montes).
260 _aMadrid :
_b[s.n.],
_c1886 (
_fImpr. de Moreno y Rojas)
300 _a106 p. ;
_c24 cm.
650 4 _aMontes públicos-
_zEspaña.
_9143761
852 _aES-MaACL
_jG-9535(1)
_z.- Enc. hol.
_q.- Falto de la cub. original
_z.- Enc. en un vol. facticio
852 _aES-MaACL
_jT-462-F-8
999 _c181382
_d181382